Анализ финансовой отчетности: учебник для вузов

Dades bibliogràfiques
Autor principal: Жарылгасова Б. Т. Ботагоз Толебаевна
Altres autors: Суглобов А.Е. Александр Евгеньевич
Sumari:Исключено из фонда НТБ ТПУ
Idioma:rus
Publicat: Москва, КноРус, 2006
Format: MixedMaterials Llibre
KOHA link:https://koha.lib.tpu.ru/cgi-bin/koha/opac-detail.pl?biblionumber=111319

MARC

LEADER 00000nam0a2200000 4500
001 111319
005 20231031120816.0
010 |a 5859713207  |b 3000 экз. 
021 |a RU  |b 06-46595  |9 06-2323 
035 |a (RuTPU)RU\TPU\book\120219 
090 |a 111319 
100 |a 20070412d2006 m y0rusy5002 ca 
101 0 |a rus 
102 |a RU 
105 |a y j 001zy 
200 1 |a Анализ финансовой отчетности  |e учебник для вузов  |f Б. Т. Жарылгасова, А. Е. Суглобов 
210 |a Москва  |c КноРус  |d 2006 
215 |a 308, [1] с. 
320 |a Библиогр.: с. 282-284. 
333 |a Исключено из фонда НТБ ТПУ 
700 1 |a Жарылгасова  |b Б. Т.  |g Ботагоз Толебаевна  |4 070 
701 1 |a Суглобов  |b А.Е.  |g Александр Евгеньевич  |4 070 
801 1 |a RU  |b 63413507  |c 20070313  |g PSBO 
801 2 |a RU  |b 63413507  |c 20160120  |g PSBO 
942 |c BK 
959 |a 24/20070227  |d 2  |e 150,00  |f АНЛ:1  |f ЧЗГЛ:1